000 00247nam a2200097Ia 4500
001 645048
005 20250826153616.0
008 250824s9999 xx 000 0 und d
245 0 _aGARİP BİR RÜYA
_cMARK TWAIN
260 _bANTİK DÜNYA KLASİKLERİ
999 _c645048
_d645048